<?xml version="1.0" encoding="UTF-8"?>
<record
    xmlns:xsi="http://www.w3.org/2001/XMLSchema-instance"
    xsi:schemaLocation="http://www.loc.gov/MARC21/slim http://www.loc.gov/standards/marcxml/schema/MARC21slim.xsd"
    xmlns="http://www.loc.gov/MARC21/slim">

  <leader>01911nam0a22003613i 4500</leader>
  <controlfield tag="001">IT\ICCU\MIL\0774072</controlfield>
  <controlfield tag="003">IT-MiSPE</controlfield>
  <controlfield tag="005">20250317113023.0</controlfield>
  <controlfield tag="008">250317b        |||||||| |||| 00| 0 eng d</controlfield>
  <datafield tag="010" ind1=" " ind2=" ">
    <subfield code="a">9788871529752</subfield>
  </datafield>
  <datafield tag="020" ind1=" " ind2=" ">
    <subfield code="a">9788871529752</subfield>
    <subfield code="c">11,50 &#x20AC;</subfield>
  </datafield>
  <datafield tag="040" ind1=" " ind2=" ">
    <subfield code="a">IT-MiSPE</subfield>
    <subfield code="b">ita</subfield>
    <subfield code="c">IT-MiSPE</subfield>
  </datafield>
  <datafield tag="082" ind1=" " ind2=" ">
    <subfield code="a">227.07-PRO al af (ppv 23378)</subfield>
  </datafield>
  <datafield tag="100" ind1=" " ind2=" ">
    <subfield code="a">Pronzato, Alessandro,</subfield>
    <subfield code="c">sacerdote,</subfield>
    <subfield code="d">1932-2018</subfield>
    <subfield code="e">autore</subfield>
    <subfield code="9">61839</subfield>
  </datafield>
  <datafield tag="245" ind1=" " ind2=" ">
    <subfield code="a">Afferrato da Cristo :</subfield>
    <subfield code="b">Pensieri dalle Lettere di Paolo /</subfield>
    <subfield code="c">Alessandro Pronzato.</subfield>
  </datafield>
  <datafield tag="260" ind1=" " ind2=" ">
    <subfield code="a">Milano :</subfield>
    <subfield code="b">Gribaudo,</subfield>
    <subfield code="c">2009.</subfield>
  </datafield>
  <datafield tag="300" ind1=" " ind2=" ">
    <subfield code="a">208 p. ;</subfield>
    <subfield code="c">21 cm</subfield>
  </datafield>
  <datafield tag="520" ind1=" " ind2=" ">
    <subfield code="a">In occasione dell&#x2019;anno paolino, Alessandro Pronzato ripercorre le Lettere dell&#x2019;apostolo che presentano modulazioni e tonalit&#xE0; diverse, inquadrando i pensieri nel contesto della sua vicenda personale e delle sue tematiche di fondo. C&#x2019;&#xE8; l&#x2019;elemento consolatorio, quello esortativo, di incoraggiamento e conforto, sapienziale, amichevole, apologetico, di petizione, addirittura rabbioso.
Sono segnalate le ricorrenze nella liturgia della Parola domenicale per facilitare il compito, sia ai predicatori sia ai lettori, di approfondire i singoli testi proclamati in chiesa e non sempre sviluppati &#x2013; quasi sempre per motivi di tempo &#x2013; nell&#x2019;omelia.
Come scrive l&#x2019;Autore: &#x201C;Pagine per tutti coloro che non hanno perso il gusto di pensare e, magari, di meditare. Un nutrimento solido per la nostra vita spirituale, oggi troppo gracile e minacciata da preoccupante anoressia&#x201D;.</subfield>
  </datafield>
  <datafield tag="630" ind1=" " ind2=" ">
    <subfield code="a">Bibbia</subfield>
    <subfield code="v">N.T.</subfield>
    <subfield code="x">Lettere di Paolo</subfield>
    <subfield code="9">61838</subfield>
  </datafield>
  <datafield tag="655" ind1=" " ind2=" ">
    <subfield code="a">Bibbia</subfield>
    <subfield code="x">Paolo: meditazione e spiritualit&#xE0;</subfield>
    <subfield code="9">61840</subfield>
  </datafield>
  <datafield tag="700" ind1=" " ind2="1">
    <subfield code="a">Pronzato, Alessandro</subfield>
    <subfield code="4">sacerdote</subfield>
    <subfield code="d">1932-2018</subfield>
    <subfield code="e">autore</subfield>
    <subfield code="9">61841</subfield>
  </datafield>
  <datafield tag="899" ind1=" " ind2=" ">
    <subfield code="f">P/G</subfield>
  </datafield>
  <datafield tag="899" ind1=" " ind2=" ">
    <subfield code="f">P/G</subfield>
  </datafield>
  <datafield tag="899" ind1=" " ind2=" ">
    <subfield code="f">P/G</subfield>
  </datafield>
  <datafield tag="899" ind1=" " ind2=" ">
    <subfield code="f">P/G</subfield>
  </datafield>
  <datafield tag="899" ind1=" " ind2=" ">
    <subfield code="f">P/G</subfield>
  </datafield>
  <datafield tag="899" ind1=" " ind2=" ">
    <subfield code="f">P/G</subfield>
  </datafield>
  <datafield tag="899" ind1=" " ind2=" ">
    <subfield code="f">G</subfield>
  </datafield>
  <datafield tag="899" ind1=" " ind2=" ">
    <subfield code="f">P/G</subfield>
  </datafield>
  <datafield tag="899" ind1=" " ind2=" ">
    <subfield code="f">P</subfield>
  </datafield>
  <datafield tag="899" ind1=" " ind2=" ">
    <subfield code="f">P</subfield>
  </datafield>
  <datafield tag="942" ind1=" " ind2=" ">
    <subfield code="2">ddc</subfield>
    <subfield code="c">BK</subfield>
  </datafield>
  <datafield tag="999" ind1=" " ind2=" ">
    <subfield code="c">360435</subfield>
    <subfield code="d">360435</subfield>
  </datafield>
  <datafield tag="952" ind1=" " ind2=" ">
    <subfield code="0">0</subfield>
    <subfield code="1">0</subfield>
    <subfield code="2">ddc</subfield>
    <subfield code="4">0</subfield>
    <subfield code="6">227_000000000000000_07PRO_AL_AF_PPV_23378</subfield>
    <subfield code="7">1</subfield>
    <subfield code="a">CINISELLO</subfield>
    <subfield code="b">CINISELLO</subfield>
    <subfield code="d">2025-03-17</subfield>
    <subfield code="l">0</subfield>
    <subfield code="o">227.07-PRO al af (ppv 23378)</subfield>
    <subfield code="p">9788871529752</subfield>
    <subfield code="r">2025-03-17 11:31:13</subfield>
    <subfield code="w">2025-03-17</subfield>
    <subfield code="y">BK</subfield>
  </datafield>
</record>
